00615nam a2200169Ia 4500008004100000020001500041041001200056082001600068100001600084245010200100260002500202300000800227650002100235942000700256999001500263952016700278221030s9999 xx 000 0 und d a8120810535 aEnglish a105.23bCom aD. E. Comer 0aInternetworking with TCP/IP Principles, Protocols & Architecture ( DEPARTMENTAL )cby D. E. Comer bPHIaNew Delhic2001 a613 aCSE Departmental cBK c7981d7981 pBE 5897g225.00l0o105.23 Comr2024-06-13 00:00:00w2022-10-30yBK003Print4070aMIETLIBbMIETLIBcBL-Departmental, FL-1, CUP-49, SH-4, R-4d2002-08-2410HBE